Fu-Manchu (Record no. 350840)

000 -LEADER
fixed length control field 01069cam a22003133u 4500
001 - CONTROL NUMBER
control field 7498815
003 - CONTROL NUMBER IDENTIFIER
control field OSt
005 - DATE AND TIME OF LATEST TRANSACTION
control field 20180116183027.0
006 - FIXED-LENGTH DATA ELEMENTS--ADDITIONAL MATERIAL CHARACTERISTICS
fixed length control field m d
007 - PHYSICAL DESCRIPTION FIXED FIELD--GENERAL INFORMATION
fixed length control field cr n
008 - FIXED-LENGTH DATA ELEMENTS--GENERAL INFORMATION
fixed length control field 091201s1913 ||||||||s|||||||| ||||| d
020 ## - INTERNATIONAL STANDARD BOOK NUMBER
International Standard Book Number 0
035 ## - SYSTEM CONTROL NUMBER
System control number (WaSeSS)ssib001747799
040 ## - CATALOGING SOURCE
Original cataloging agency WaSeSS
Transcribing agency WaSeSS
Modifying agency WaSeSS
Description conventions rda
082 ## - DEWEY DECIMAL CLASSIFICATION NUMBER
Classification number 813.54 ROH 1968
100 1# - MAIN ENTRY--PERSONAL NAME
Personal name Sax Rohmer
245 10 - TITLE STATEMENT
Title Fu-Manchu
Statement of responsibility, etc. Sax Rohmer
260 ## - PUBLICATION, DISTRIBUTION, ETC.
Name of publisher, distributor, etc. Great Britain
Date of publication, distribution, etc. 1968
300 ## - PHYSICAL DESCRIPTION
Extent 189 p.
Other physical details PB
440 ## - SERIES STATEMENT/ADDED ENTRY--TITLE
Title Fu-Manchu
500 ## - GENERAL NOTE
General note Title from content provider.
506 ## - RESTRICTIONS ON ACCESS NOTE
Terms governing access License restrictions may limit access.
700 1# - ADDED ENTRY--PERSONAL NAME
Personal name Rohmer, Sax,
Dates associated with a name 1883-1959.
773 #0 - HOST ITEM ENTRY
Title Project Gutenberg Online Catalog
856 40 - ELECTRONIC LOCATION AND ACCESS
Uniform Resource Identifier <a href="http://www.columbia.edu/cgi-bin/cul/resolve?clio7498815.001">http://www.columbia.edu/cgi-bin/cul/resolve?clio7498815.001</a>
Public note Full text available from Project Gutenberg Online Catalog
856 40 - ELECTRONIC LOCATION AND ACCESS
Uniform Resource Identifier <a href="http://www.columbia.edu/cgi-bin/cul/resolve?clio7498815.002">http://www.columbia.edu/cgi-bin/cul/resolve?clio7498815.002</a>
Public note Full text available from Project Gutenberg Online Catalog
910 ## - USER-OPTION DATA (OCLC)
User-option data Serials Solutions supplemental brief record
942 ## - ADDED ENTRY ELEMENTS (KOHA)
Source of classification or shelving scheme
Koha item type Book
Holdings
Withdrawn status Lost status Source of classification or shelving scheme Damaged status Not for loan Collection code Permanent Location Current Location Shelving location Date acquired Total Checkouts Full call number Barcode Date last seen Price effective from Koha item type
      Damaged     Central Library (CL) Central Library (CL) Fiction 12/15/2015   813.54 ROH 1968 NBSD-2371 12/15/2015 12/15/2015 Book
© 2023 Central Library, National University of Sciences and Technology. All Rights Reserved.